00634nam a22001817a 450000700030000000800410000302000180004404000140006204100090007610000220008524500940010726000300020130000190023144000540025052100860030463000240039065000380041400160621b xxu||||| |||| 00| 0 eng d a2-7462-0863-6 aBUACcBUC aFre. aGuglielmi, Michel aSignaux aléatoires modélisation, estimation, détectionc/ ss.dir. Michel Guglielmi  aParis :bLavoisier,c2004 a371 p.c24 cm. a( Collection Traitement du signal et de l' image) aCompr. Bibliogr .. à la fin de chaque chapitre du vol. Index : pp. (373 - 377) aSCIENCES APPLIQUEES aTélécommunication : technique